<?xml version="1.0" encoding="UTF-8"?>
<record
    xmlns:xsi="http://www.w3.org/2001/XMLSchema-instance"
    xsi:schemaLocation="http://www.loc.gov/MARC21/slim http://www.loc.gov/standards/marcxml/schema/MARC21slim.xsd"
    xmlns="http://www.loc.gov/MARC21/slim">

  <leader>00655nam a22001337a 4500</leader>
  <datafield tag="040" ind1=" " ind2=" ">
    <subfield code="c">RUA</subfield>
  </datafield>
  <datafield tag="082" ind1=" " ind2=" ">
    <subfield code="a">AGR PET 2022 B1-406 Or.</subfield>
  </datafield>
  <datafield tag="100" ind1=" " ind2=" ">
    <subfield code="a">PET BONA,&#x1794;&#x17C9;&#x17C2;&#x178F; &#x1794;&#x17BC;&#x178E;&#x17B6;</subfield>
  </datafield>
  <datafield tag="245" ind1=" " ind2=" ">
    <subfield code="a">COMPARISON OF PAK CHOY (Brassica rapasubsp Chinensis L.) VARIETIES ON GROWTH AND YIELD IN DRY SEASON,&#x1780;&#x17B6;&#x179A;&#x1794;&#x17D2;&#x179A;&#x17C0;&#x1794;&#x1792;&#x17C0;&#x1794;&#x1796;&#x17BC;&#x1787;&#x178A;&#x17C6;&#x178E;&#x17B6;&#x17C6;&#x179F;&#x17D2;&#x1796;&#x17C3;&#x178F;&#x17BF;&#x179B;&#x17BE;&#x1780;&#x17B6;&#x179A;&#x179B;&#x17BC;&#x178F;&#x179B;&#x17B6;&#x179F;&#x17CB; &#x1793;&#x17B7;&#x1784;&#x1791;&#x17B7;&#x1793;&#x17D2;&#x1793;&#x1795;&#x179B;&#x1793;&#x17C5;&#x179A;&#x178A;&#x17BC;&#x179C;&#x1794;&#x17D2;&#x179A;&#x17B6;&#x17C6;&#x1784;</subfield>
  </datafield>
  <datafield tag="260" ind1=" " ind2=" ">
    <subfield code="a">phnom penh</subfield>
    <subfield code="b">rua</subfield>
    <subfield code="c">2022</subfield>
  </datafield>
  <datafield tag="300" ind1=" " ind2=" ">
    <subfield code="a">x.37p.</subfield>
    <subfield code="b">ill.</subfield>
    <subfield code="c">29cm.</subfield>
  </datafield>
  <datafield tag="856" ind1=" " ind2=" ">
    <subfield code="u">https://drive.google.com/file/d/1Qb1NwcQfpsrrAgMaNLMDST1XqyDwhKin/view?usp=sharing</subfield>
  </datafield>
  <datafield tag="942" ind1=" " ind2=" ">
    <subfield code="c">AGR</subfield>
  </datafield>
  <datafield tag="999" ind1=" " ind2=" ">
    <subfield code="c">24235</subfield>
    <subfield code="d">24235</subfield>
  </datafield>
  <datafield tag="952" ind1=" " ind2=" ">
    <subfield code="0">0</subfield>
    <subfield code="1">0</subfield>
    <subfield code="4">0</subfield>
    <subfield code="6">AGR_PET_2022_000000000000000_B1406_OR</subfield>
    <subfield code="7">0</subfield>
    <subfield code="9">103065</subfield>
    <subfield code="a">LBB</subfield>
    <subfield code="b">LBB</subfield>
    <subfield code="c">B1.406</subfield>
    <subfield code="d">2025-02-13</subfield>
    <subfield code="o">AGR PET 2022 B1-406 Or.</subfield>
    <subfield code="p">a079598</subfield>
    <subfield code="r">2025-02-13</subfield>
    <subfield code="y">AGR</subfield>
  </datafield>
  <datafield tag="952" ind1=" " ind2=" ">
    <subfield code="0">0</subfield>
    <subfield code="1">0</subfield>
    <subfield code="4">0</subfield>
    <subfield code="6">AGR_PET_2022_000000000000000_B1406_OR</subfield>
    <subfield code="7">0</subfield>
    <subfield code="9">103066</subfield>
    <subfield code="a">LBB</subfield>
    <subfield code="b">LBB</subfield>
    <subfield code="c">B1.406</subfield>
    <subfield code="d">2025-02-13</subfield>
    <subfield code="o">AGR PET 2022 B1-406 Or.</subfield>
    <subfield code="p">a079602</subfield>
    <subfield code="r">2025-02-13</subfield>
    <subfield code="y">AGR</subfield>
  </datafield>
  <datafield tag="952" ind1=" " ind2=" ">
    <subfield code="0">0</subfield>
    <subfield code="1">0</subfield>
    <subfield code="4">0</subfield>
    <subfield code="6">AGR_PET_2022_000000000000000_B1406_OR</subfield>
    <subfield code="7">0</subfield>
    <subfield code="9">103067</subfield>
    <subfield code="a">LBB</subfield>
    <subfield code="b">LBB</subfield>
    <subfield code="c">B1.406</subfield>
    <subfield code="d">2025-02-13</subfield>
    <subfield code="o">AGR PET 2022 B1-406 Or.</subfield>
    <subfield code="p">a079394</subfield>
    <subfield code="r">2025-02-13</subfield>
    <subfield code="y">AGR</subfield>
  </datafield>
</record>
